| 000 | 00605nam a2200229Ia 4500 | ||
|---|---|---|---|
| 003 | OSt | ||
| 005 | 20221006164857.0 | ||
| 006 | a|||||r|||| 00| 0 | ||
| 007 | ta | ||
| 008 | 221006b |||||||| |||| 00| 0 hin d | ||
| 024 | _a4,763 | ||
| 037 | _cTextual | ||
| 040 |
_aFML _cFML _bhin |
||
| 041 |
_2hin _ahin |
||
| 082 | _a40aY, N9 | ||
| 100 |
_aJha Muktinath Au. _9678554 |
||
| 245 | 0 | _aAntahsanskritik Sanchar | |
| 260 |
_aDelhi _bGaur Publishers and Distributors India _c2009 |
||
| 300 |
_a282 _ccm. |
||
| 942 |
_h40aY, N9 _cTEXL _2CC |
||
| 999 |
_c1118784 _d1118784 |
||